000 00503nam a2200181 i 4500
001 58402
003 ES-MaACL
005 20250916063042.0
007 t|
008 031022s1934 fr |||| | fre d
100 1 _aDuhamel, Georges,
_d1884-1966
_945938
245 1 0 _aRemarques sur les memoires imaginaires /
_cGeorges Duhamel.
250 _a6e éd.
260 _aParís :
_bMercure de France,
_c1934.
300 _a93 p. ;
_c19 cm.
852 _aES-MaACL
_jB-8705
999 _c58402
_d58402